000 01931cam a2200301 4500
001 ABS65972
008 021004n2002 000 0 eng u
035 _a(Sirsi) u119999
245 _aR v SoS Environment ex p Adlard and others
260 _c2002
490 _aWeekly Law Reports
_v[2002] 1 WLR 2515-2534(19)
520 _a[2002] EWCA Civ 671, 17 May 2002. The local planning authority resolved to grant a planning application for the redevelopment of Fulham Football Club's stadium without according objectors an oral hearing. Objectors relying on the right to a fair and public hearing in Human Rights Act 1998 Sched 1 Part 1 Art 6(1) requested that the SoS should call in the application but he refused. The objectors appealed against the refusal of an application for judicial review."Held" appeal dismissed. In the light of the HC's review jurisdiction objectors' Article 6 rights were not breached by the failure of the local planning authority to accord the objectors an oral hearing. SoS was not under a duty to exercise his Town and Country Planning Act 1990 s 77 power so as to prevent a violation of Art 6 of the 1998 Act. View judgment at www.courtservice.gov.uk/.
590 _aABS
650 _aLOCAL PLANNING AUTHORITIES
650 _aFOOTBALL STADIUM
650 _aREDEVELOPMENT
650 _aJUDICIAL REVIEW
650 _aR V SOS ENVIRONMENT, TRANSPORT AND THE REGIONS EX P ALCONBURY DEVELOPMENTS
650 _aR V SOS TRANSPORT, LOCAL GOVERNMENT AND THE REGIONS EX P ADLARD AND OTHERS
650 _aPLANNING PERMISSION
650 _aTOWN AND COUNTRY PLANNING ACT 1990 S77
650 _aHUMAN RIGHTS ACT 1998 SCHED 1 PART I ART 6(1)
650 _aRUNA BEGUM V TOWER HAMLETS LBC
650 _aADLARD V SOS ENVIRONMENT
690 _aPlanning and development
_96259
856 _uhttps://www.courtservice.gov.uk/View.do?id=1174
_vView judgment on the Court Service website...
942 _n0
999 _c71305
_d71305